Ordenamiento, organización y gobierno territorial en Colombia : (Registro nro. 6678)

Detalles MARC
000 -LEADER
fixed length control field 01039nam a2200241Ia 4500
003 - CONTROL NUMBER IDENTIFIER
control field OSt
005 - DATE AND TIME OF LATEST TRANSACTION
control field 20200508120952.0
008 - FIXED-LENGTH DATA ELEMENTS--GENERAL INFORMATION
fixed length control field 191128s2009 ck gr 000 0dspa d
040 ## - CATALOGING SOURCE
Original cataloging agency CO-JMCR
Transcribing agency CO-JMCR
041 0# - LANGUAGE CODE
Language code of text/sound track or separate title spa
082 04 - DEWEY DECIMAL CLASSIFICATION NUMBER
Classification number 307.12 /
Item number P784o
100 1# - MAIN ENTRY--PERSONAL NAME
Personal name Pombo Cajiao, Rodrigo,
Relator term autor
9 (RLIN) 4105
245 10 - TITLE STATEMENT
Title Ordenamiento, organización y gobierno territorial en Colombia :
Remainder of title visión desde la glocalización y el protonacionalismo /
Statement of responsibility, etc. Rodrigo Pombo Cajiao, David Buitrago Caicedo, María del Pilar Medina Sánchez, Alejandro Henao Mesa, Felipe Osorio Vieira
260 ## - PUBLICATION, DISTRIBUTION, ETC.
Place of publication, distribution, etc. Bogotá :
Name of publisher, distributor, etc. Konrad Adenauer Stiftung : Corporación Pensamiento siglo XXI,
Date of publication, distribution, etc. 2009
300 ## - PHYSICAL DESCRIPTION
Extent 47 páginas ;
Dimensions 32 cm.
504 ## - BIBLIOGRAPHY, ETC. NOTE
Bibliography, etc. note Incluye bibliografía.
650 14 - SUBJECT ADDED ENTRY--TOPICAL TERM
Topical term or geographic name entry element Ordenamiento territorial
General subdivision Gobierno local
9 (RLIN) 4106
700 1# - ADDED ENTRY--PERSONAL NAME
Personal name David Buitrago Caicedo,
Relator term autor
9 (RLIN) 4107
700 1# - ADDED ENTRY--PERSONAL NAME
Personal name María del Pilar Medina Sánchez,
Relator term autora
9 (RLIN) 4108
700 1# - ADDED ENTRY--PERSONAL NAME
Personal name Alejandro Henao Mesa,
Relator term autora
9 (RLIN) 4109
700 1# - ADDED ENTRY--PERSONAL NAME
Personal name Felipe Osorio Vieira
Relator term autor
9 (RLIN) 4110
942 ## - ADDED ENTRY ELEMENTS (KOHA)
Source of classification or shelving scheme Dewey Decimal Classification
Koha item type Books
Existencias
Withdrawn status Lost status Source of classification or shelving scheme Damaged status Not for loan Home library Current library Shelving location Date acquired Coded location qualifier Total Checkouts Full call number Barcode Date last seen Copy number Price effective from Koha item type
    Dewey Decimal Classification     Biblioteca Pública José María del Castillo y Rada Biblioteca Pública José María del Castillo y Rada General Stacks 04/15/2018 $0.   307.12 / P784o 430001205 05/16/2024 Ej.2 05/08/2020 Books